000 00679nam a22001937a 4500
999 _c164637
_d164637
005 20190523160208.0
010 _aUR-10146
020 _c300.00
_a-
035 _aU-8701
037 _bDBAD/PUB
082 _a844
100 _aر و بينہ شبنم بختيا ر
245 _aنفس نفس خو شبو
_cر و بينہ شبنم بختيا ر
246 _bNafas Nafas Khushboo (Urdu)
_aby Rubina Shabnam Bakhtiyar
260 _a Delhi
_bEducational Publishing House
_c2018 ء
270 _a3191،Vakil Street,Kucha Pandit,Lal Kuan,
_bDelhi
_e110006
_k23216162
_l00911123211540
300 _a311ص
_c22 Cm.(bk)
942 _2ddc
_cUR
_h844
_mب خ ت